Hướng dẫn phòng chống sâu bệnh hại một số cây thực phẩm

Cuốn " Hướng dẫn phòng chống sâu bệnh hại một số cây thực phẩm" cung cấp những thông tin cho nhà nông biết cách ngăn trừ hiệu quả các loại sâu phá hại, bảo vệ môi trường, tăng năng suất cây trồng, giữ được sức khoẻ và an to...

Deskribapen osoa

Gorde:
Xehetasun bibliografikoak
Egile nagusia: Chu, Thị Thơm
Formatua: Liburua
Hizkuntza:Undetermined
Argitaratua: Hà Nội Lao động 2006
Gaiak:
Etiketak: Etiketa erantsi
Etiketarik gabe, Izan zaitez lehena erregistro honi etiketa jartzen!
Thư viện lưu trữ: Trung tâm Học liệu Trường Đại học Cần Thơ
LEADER 01084nam a2200217Ia 4500
001 CTU_106792
008 210402s9999 xx 000 0 und d
020 |c 14000 
082 |a 632.7 
082 |b Th463 
100 |a Chu, Thị Thơm 
245 0 |a Hướng dẫn phòng chống sâu bệnh hại một số cây thực phẩm 
245 0 |c Chu Thị Thơm, Phan Thị Lài, Nguyễn Văn Tó biên soạn 
260 |a Hà Nội 
260 |b Lao động 
260 |c 2006 
520 |a Cuốn " Hướng dẫn phòng chống sâu bệnh hại một số cây thực phẩm" cung cấp những thông tin cho nhà nông biết cách ngăn trừ hiệu quả các loại sâu phá hại, bảo vệ môi trường, tăng năng suất cây trồng, giữ được sức khoẻ và an toàn thực phẩm. 
650 |a Vegetables,Plants, protection of,Insect pests 
650 |x Diseases and pests 
904 |i Năm 
980 |a Trung tâm Học liệu Trường Đại học Cần Thơ